000 00875nam a22002897a 4500
001 BR7801414
003 BR-BrBNA
005 20230928085539.0
007 ta
008 230509b bl.||||| |||| 00| 0 por d
040 _aBR-BrBNA
_bpor
_cBiblioteca Nacional de Agricultura
041 _a(Por)
072 _aL50; U10
_b5213
090 _ 5213 BR7801414
100 1 _aLudwig, A.
110 1 _aUniversidade Federal de Vicosa, MG (Brasil)
_0Tese (Magister Scientiae)
245 1 _aAjustamento de curvas exponenciais ao crescimento de gado nelore e analise de seus parametros
260 3 _aVicosa, MG (Brasil):
_c1977.
300 _a94 p.
500 _a39 tables; 10 graphs; 28 ref.; Summary (Por)
650 _aFisiologia animal
650 _aMatematica
650 _aGado Nelore
650 _aCrescimento
909 _a202309
_bLucia
_c55
_dLucia Elande
942 _cBK
999 _c25022
_d25022